O wspólczesnym liberalizmie ekonomicznym.

Podstata liberalizmu. Príčiny úpadku keynesizmu. Phillipsova krivka. Hlavné prvky liberalizmu. Friedmanova monetárna sústava. Hľadisko monetarizmu. Hľadisko teórie racionálneho očakávania. Implikácie pre ekonomickú politiku.

Saved in:
Bibliographic Details
Main Author: Jurczyk, Z.
Format: Book Chapter
Language:Polish
Subjects:
Tags: Add Tag
No Tags, Be the first to tag this record!

MARC

LEADER 00000naa a2200000 4500
001 r004402
005 20221125122916.0
041 0 |a pol 
044 |a PL 
245 1 0 |a O wspólczesnym liberalizmie ekonomicznym.  |c Z. Jurczyk 
520 |a Podstata liberalizmu. Príčiny úpadku keynesizmu. Phillipsova krivka. Hlavné prvky liberalizmu. Friedmanova monetárna sústava. Hľadisko monetarizmu. Hľadisko teórie racionálneho očakávania. Implikácie pre ekonomickú politiku. 
610 2 0 |a liberalizmus 
610 2 0 |a monetarizmus 
610 2 0 |a politika hospodárska 
610 2 0 |a Phillipsova krivka 
610 2 0 |a škola očakávaní racionálnych 
100 1 |a Jurczyk, Z.